000 00435nam a2200169Ia 4500
003 GCL
008 140319s9999 xx 000 0 ara d
040 _aGCL /
_cGCL
082 0 4 _a745.6
_bر
245 1 0 _aرحلة مع الخط العربى لوحات فنية متألقة
260 _a[S.N] :
_bI P A
490 _a
650 0 4 _aالخط العربى
650 0 4 _aالخط
650 0 4 _aتحسين الخط
942 _2ddc
_cBK
999 _c35677
_d35677